|
|
|
|
| LEADER |
00000nam a2200000na 4500 |
| 001 |
vtls011703054 |
| 003 |
SK-MaSNL |
| 005 |
20260301141007.0 |
| 008 |
251112s1595 gw a 0 an0 lat |
| 015 |
|
|
|a SNBHFA1595
|
| 035 |
|
|
|a 46FC1461-3357-401B-88D6-C98682F03CC8
|
| 035 |
|
|
|a urn:nbn:sk:snk-am3ha2m
|
| 035 |
|
|
|a urn:nbn:sk:snk-am00cr87
|
| 040 |
|
|
|a SNKHF
|b slo
|c SNK
|e AACR2
|
| 041 |
0 |
|
|a lat
|
| 044 |
|
|
|a gw
|c DE
|
| 072 |
|
7 |
|a 27-46/-48
|x Pastorálna teológia
|2 konspekt
|
| 080 |
|
|
|a 27-475.5
|2 2011
|
| 100 |
1 |
|
|a Perpiña, Pedro Juan,
|d asi 1530-1566
|4 aut
|9 129704
|
| 245 |
1 |
0 |
|a Petri Ioannis Perpiniani Valentini E Societate Jesv Orationes duodeuiginti
|b Nvnc Primvm In Germania in lucem editae
|
| 260 |
|
|
|a Ingolstadii
|b Ex Officina Typographica Davidis Sartorii
|c Anno Domini M.D.XCV. [=1595]
|
| 300 |
|
|
|a [15], 560 s.
|c 8°
|c 15,5 x 11 cm
|
| 500 |
|
|
|a Titulná strana so signetom so znakom IHS, vinety, vlysy, linky, iniciálky s ornamentálnym pozadím vo voľnom priestore na 3 - 5 riadkov, kustody
|
| 501 |
|
|
|a Príväzok 1.: WECKER, Johann Jakob: Artis Oratoriae Praecepta. - Basileae : Eusebius Episcopius et Nikolaus Episcopius Ml. - haer., 1582. 8°.
|5 SNK ID 99728, prív.1
|
| 508 |
|
|
|a Ded.: Benci, Francesco; pref.: Torsellini, Orazio
|
| 510 |
|
|
|a VD 16 P/1575; Stalla 7/1795
|
| 546 |
|
|
|a Latinčina
|
| 561 |
|
|
|a Proveniencia: Conventus Cremniciesiensis. S. P. Francisci. - G. D. Christianus Karasz donavit Anno 1672. - Ex libris Balth Frisowits Neosol. Vng.
|5 SNK ID 99728
|
| 561 |
|
|
|a Z knižnice františkánov v Kremnici.
|5 SNK ID 99728
|
| 563 |
|
|
|a Väzba: pôvodná, bledožltá hladká koža.
|5 SNK ID 99728
|
| 650 |
0 |
7 |
|a pastorálna teológia
|2 SNKPH
|9 1811
|
| 700 |
1 |
|
|a Benci, Francesco,
|d 1542-1594
|4 dto
|9 126639
|
| 700 |
1 |
|
|a Torsellini, Orazio,
|d 1545-1599
|4 aui
|9 180602
|
| 700 |
1 |
|
|a Karasz, Christianus
|4 fmo
|9 494395
|
| 700 |
1 |
|
|a Frisowits, Balthasar
|4 fmo
|9 494396
|
| 710 |
2 |
|
|a Františkáni (Kremnica, Slovensko)
|4 fmo
|9 162717
|
| 710 |
0 |
|
|a Sartorius, David (Ingolstadt, Nemecko),
|d 1571-1596
|4 prt
|9 305339
|
| 752 |
|
|
|a Nemecko
|d Ingolstadt
|
| 852 |
|
|
|a snk
|b Františkáni Kremnica
|p ID 99728
|
| 958 |
|
|
|a ONDV
|
| 999 |
|
|
|c 765712
|d 767642
|
| 952 |
|
|
|t Fr Kr 5209
|a SNK
|b SNK
|c SNK_HF
|y PREZ
|7 0
|p 17A1130476
|o snkID 99728
|i snk2017/16506
|8 5
|0 0
|1 0
|4 0
|d 2017-07-18
|f 1
|l 0
|r 2026-02-24 00:18:19
|w 2026-02-24
|